Alle Parteien Frankreichs - Statistiken

Allgemein
  • Dieses Quiz wurde 7 mal gespielt
  • Das Durchschnittsergebnis liegt bei 3 aus 15
Antwortstatistiken
Partei % Korrekt
Rassemblement National
67%
La France insoumise
50%
Les Républicains
50%
Parti socialiste
50%
Debout la France
17%
Divers droite
17%
Divers gauche
17%
Les Centristes
17%
Parti communiste français
17%
Europe Écologie-Les Verts
0%
La République en Marche
0%
Mouvement démocrate
0%
Mouvement radical
0%
Parti radical de gauche
0%
Union des démocrates et indépendants
0%
Keine übereinstimmenden Quizze gefunden
Verteilung der Resultate
Anzahl Personen mit jedem Resultat
Perzentil nach korrekt beantworteten Fragen
Ihre Resultats-Entwicklung
Sie haben dieses Quiz noch nicht gespielt